000
00237 a2200097 4500
001
51871
100
_a
Morrison R
245
_a
Instrumentation Fundamentals and Applications
260
_a
New York
_b
John Wiley
_c
090
_c
32760
_d
32760
942
_a
NUST-CAE
_c
M
_c
25292
999
_c
286944
_d
286944